Cartas
Wedi'i Gadw mewn:
| Prif Awdur: | |
|---|---|
| Fformat: | Llyfr |
| Iaith: | Sbaeneg |
| Cyhoeddwyd: |
Madrid
Gredos
2005
|
| Cyfres: | Biblioteca Clásica Gredos, 344
|
| Pynciau: | |
| Tagiau: |
Ychwanegu Tag
Dim Tagiau, Byddwch y cyntaf i dagio'r cofnod hwn!
|
MARC
| LEADER | 00000nam a2200000 a 4500 | ||
|---|---|---|---|
| 001 | UCJ0031 | ||
| 003 | CL-VaPUC | ||
| 008 | 060623e20050000SP |||||||||||||||||spa|d | ||
| 020 | |a 8424927915 | ||
| 082 | 0 | 4 | |a 876 |b PLI |2 21 |
| 100 | 0 | |a Plinio el joven |e author |9 500065 | |
| 245 | 1 | 0 | |a Cartas |
| 300 | |a 598 p | ||
| 942 | |c BK | ||
| 945 | |d 20060623 00:00:00 |a jtorresc | ||
| 260 | |a Madrid |b Gredos |c 2005 | ||
| 650 | 0 | |a Cartas |9 321777 | |
| 650 | 0 | |a Correspondencia |9 258963 | |
| 650 | 0 | |a Literatura latina |9 258055 | |
| 583 | |a last modification |c 20130305 12:41:58 |k Rodrigo Vera | ||
| 490 | 0 | |a Biblioteca Clásica Gredos, 344 | |
| 999 | |c 317022 |d 317020 | ||
| 952 | |0 0 |1 0 |4 0 |6 876_000000000000000_PLI_2005 |7 0 |8 X |9 392691 |a BIBHIS |b BIBHIS |d 2019-11-22 |i 4235096 |o 876 PLI 2005 |p 4235096 |r 2024-01-30 |w 2019-11-22 |y BK_X |k HIS | ||
| 952 | |0 0 |1 0 |4 0 |6 876_000000000000000_PLI_2005 |7 0 |8 X |9 392692 |a BIBHIS |b BIBHIS |d 2019-11-22 |i 4300696 |l 1 |o 876 PLI 2005 |p 4300696 |r 2024-01-30 |s 2023-10-10 |w 2019-11-22 |y BK_X |k HIS | ||